Music Quiz

Random Music or Bands Quiz

Figure Out the Lyrics (Phish 1) Quiz Stats

 Plays Quiz not verified by Sporcle

Challenge
Share
Tweet
Embed
Score 0/95 Timer 15:00
0 Plays Today
Lyric % Correct
a
94.7%
the
94.5%
the
94.5%
the
94.5%
you
82.4%
you
82.4%
you
82.4%
you
82.4%
you
82.4%
you
82.4%
you
82.4%
you
82.4%
you
82.4%
to
72.9%
to
72.9%
to
72.9%
and
71%
is
70.4%
is
70.4%
is
70.4%
is
70.4%
is
70.4%
in
65.5%
on
64.5%
for
63.2%
for
63.2%
for
63.2%
for
63.2%
for
63.2%
be
61.6%
If
60.5%
if
60.5%
Lyric % Correct
no
55.9%
your
54%
your
54%
your
54%
this
52.7%
this
52.7%
this
52.7%
this
52.7%
then
50.8%
then
50.8%
where
50.6%
one
49.4%
one
49.4%
one
49.4%
one
49.4%
one
49.4%
at
46.2%
all
45.2%
all
45.2%
not
44.3%
that
44.1%
you're
43.7%
just
41.8%
from
41.6%
walls
35.3%
staring
34.5%
life
32.8%
around
32.1%
echoing
28.6%
sound
28.6%
head
28.2%
lead
27.7%
Lyric % Correct
silent
27.5%
footfalls
27.3%
lost
27.3%
children
26.9%
alone
26.9%
halls
26.7%
playground
26.5%
playing
26.3%
pleasant
26.1%
noise
25.4%
read
25.2%
distant
25%
bow
23.9%
pretend
23.9%
you'd
23.7%
care
23.5%
diner
23.3%
feed
23.3%
wandering
23.1%
observing
22.9%
meet
21.8%
tv
21.6%
there's
21.4%
tenants
21.2%
street
20.6%
seat
20%
longing
18.7%
strangers
17%
Title=Brian and Robert
16.4%
past
16.2%
slip
13.4%

You're not logged in!

Compare scores with friends on all Sporcle quizzes.
OR
Log In

You Might Also Like...

Show Comments

Extras

Top Quizzes Today


Score Distribution

Your Account Isn't Verified!

In order to create a playlist on Sporcle, you need to verify the email address you used during registration. Go to your Sporcle Settings to finish the process.

Report this User

Report this user for behavior that violates our Community Guidelines.

Details: